Kolodějské slavnosti
| Titel: | Kolodějské slavnosti : 670 let Koloděj a 700 let od narození Karla IV. / texty: Angela Morávková, Ondřej Salvet, Jan Vinař |
|---|---|
| Verfasser: | ; ; |
| Veröffentlicht: | Praha : ÚMČ Praha-Koloděje, 2017 |
| Umfang: | 115 Seiten : Illustrationen ; 31 cm + 1 DVD Video |
| Format: | Buch |
| Sprache: | Tschechisch |
| ISBN: | 9788027011094 ; 8027011094 |
alg: 46833669 001A $03004:26-08-20 001B $03004:07-12-20 $t10:15:50.000 001D $03004:07-12-20 001U $0utf8 001X $00 002@ $0Aau 002C $aText $btxt $2rdacontent 002C $aunbewegtes Bild $bsti $2rdacontent 002D $aohne Hilfsmittel zu benutzen $bn $2rdamedia 002E $aBand $bnc $2rdacarrier 003@ $0468336699 004A $A978-80-270-1109-4 004A $080-270-1109-4 006C $01035471915 $aOCoLC 007A $0468336699 $aHEB 010@ $acze 010E $erda 011@ $a2017 $n2017 013D $RBuch $RBildliche Darstellung $#Abbildungen Formschlagwort $#Ansichtspostkarte Formschlagwort $#Bildatlas $#Bilddokumente $#Bilder Formschlagwort $#Bildmaterial Formschlagwort $#Ansichten Formschlagwort $#Bildsammlung $#Abbildungswerk $#Illustrationswerk $#Photographien-Bildband $#Fotographien-Bildband $#Bildbände $74145395-5 $8Bildband [Ts1] $9085578738 021A $aKolodějské slavnosti $d670 let Koloděj a 700 let od narození Karla IV. $htexty: Angela Morávková, Ondřej Salvet, Jan Vinař 028A $BVerfasser $4aut $8Morávková, Angela [Tnu] $9473505479 028C $BVerfasser $4aut $71011756706 $8Salvet, Ondřej$Z1974- [Tp3] $9247002631 028C $BVerfasser $4aut $712718984X $8Vinař, Jan [Tp6] $9157732738 033A $pPraha $nÚMČ Praha-Koloděje 034D $a115 Seiten 034I $a31 cm 034K $a1 DVD Video 034M $aIllustrationen 044K $#Prag $#Hlavni Město Praha $#Hauptstadt Prag $#Prag Kraj $#Bezirk Prag $#Praha $#Prague $#Praga $#Praag $74076310-9 $8Prag [Tg1] $9085216283 044K $#Koloděj $#Kolodei $74693391-8 $8Koloděje [Tg1] $9105826944 044K $RFest $#Bürgerfest Stadtfest $74480967-0 $8Stadtfest [Ts1] $9089048350 045F $a307.094371090512 $eDDC23BSB 045F/01 $a307.09 045F/03 $f090512 045F/03 $g4371 045R $aGeschichte 2016 lok: 46833669 24 exp: 46833669 24 1 #EPN 201B/01 $021-01-21 $t14:18:47.000 201C/01 $026-08-20 201U/01 $0utf8 203@/01 $01119329388 208@/01 $a07-12-20 $bz 209A/01 $aMK 955 $du $f050 $hMK 955 $x00 209C/01 $a20.05321 T $h20 05321 T 209G/01 $a74244718 $x00 220C/01 $akon 247C/01 $8358050-7Marburg, Bibliothek des Herder-Instituts Marburg $9102600961 lok: 46833669 78 exp: 46833669 78 1 #EPN 201B/01 $016-06-21 $t08:30:33.000 201C/01 $016-06-21 201U/01 $0utf8 203@/01 $0115775371X 208@/01 $a16-06-21 $be 209A/01 $a/ $f000 $x00 209A/01 $ab*p $x01 220C/01 $apgar 244Z/01 $#Böhmische Kronländer $#Länder der Böhmischen Krone $#Sudetenland $#Böhmen $#Mähren $#Mährisch-Schlesien $#Österreichisch-Schlesien $#Tschechische Sozialistische Republik Böhmische Länder $#Tschechei Böhmische Länder $#Země koruny české $74069573-6 $8--Tg1--Böhmische Länder $x01 $9085195553 247C/01 $82080>Marburg/Lahn, Herder-Institut, Forschungsbibliothek, Bibliographieportal $9336309341
| LEADER | 00000cam a2200000 c 4500 | ||
|---|---|---|---|
| 001 | 468336699 | ||
| 003 | DE-603 | ||
| 005 | 20201207101550.0 | ||
| 007 | tu | ||
| 008 | 200826s2017 xx |||| | u00||u|cze c | ||
| 020 | |a 9788027011094 | ||
| 020 | |a 8027011094 | ||
| 035 | |a (DE-599)HEB468336699 | ||
| 040 | |a DE-603 |b ger |c DE-603 |d DE-603 |e rda | ||
| 041 | |a cze | ||
| 082 | 0 | 4 | |8 1\u |a 307.094371090512 |q DE-101 |2 23/BSB |
| 085 | |8 1\u |b 307.09 | ||
| 085 | |8 1\u |z 1 |s 090512 | ||
| 085 | |8 1\u |z 2 |s 4371 | ||
| 100 | 1 | |a Morávková, Angela |e Verfasser |4 aut |0 (DE-603)473505479 | |
| 245 | 0 | 0 | |a Kolodějské slavnosti |b 670 let Koloděj a 700 let od narození Karla IV. |c texty: Angela Morávková, Ondřej Salvet, Jan Vinař |
| 264 | 1 | |a Praha |b ÚMČ Praha-Koloděje |c 2017 | |
| 300 | |a 115 Seiten |b Illustrationen |c 31 cm |e 1 DVD Video | ||
| 336 | |a Text |b txt |2 rdacontent | ||
| 336 | |a unbewegtes Bild |b sti |2 rdacontent | ||
| 337 | |a ohne Hilfsmittel zu benutzen |b n |2 rdamedia | ||
| 338 | |a Band |b nc |2 rdacarrier | ||
| 648 | 7 | |a Geschichte 2016 |2 gnd | |
| 650 | 7 | |a Stadtfest |0 (DE-588)4480967-0 |0 (DE-603)089048350 |2 gnd | |
| 651 | 7 | |a Prag |0 (DE-588)4076310-9 |0 (DE-603)085216283 |2 gnd | |
| 651 | 7 | |a Koloděje |0 (DE-588)4693391-8 |0 (DE-603)105826944 |2 gnd | |
| 655 | 7 | |a Bildband |2 gnd-content |0 (DE-588)4145395-5 |0 (DE-603)085578738 | |
| 700 | 1 | |a Salvet, Ondřej |d 1974- |e Verfasser |4 aut |0 (DE-603)247002631 |0 (DE-588)1011756706 |2 gnd | |
| 700 | 1 | |a Vinař, Jan |e Verfasser |4 aut |0 (DE-603)157732738 |0 (DE-588)12718984X |2 gnd | |
| 924 | 0 | |9 Mb 50 |a (DE-603)1119329388 |b DE-Mb50 |c HES |d c |g MK 955 | |
| 924 | 0 | |9 2080 |a (DE-603)115775371X |b DE-2080 |c HES |d d |g / | |


